[Event "Mittelfranken-chTB2a 0809"]
[Site "Mittelfranken"]
[Date "2009.03.22"]
[Round "8.8"]
[White "Peter, Uwe"]
[Black "Kollitz, Carsten"]
[Result "1-0"]
[WhiteElo "1762"]
[BlackElo "1562"]
[PlyCount "63"]
[EventDate "2008.10.12"]
[EventType "team"]
[EventRounds "9"]
[EventCountry "GER"]
[SourceTitle "EXT 2011"]
[Source "ChessBase"]
[SourceDate "2010.11.26"]
[SourceVersion "1"]
[SourceVersionDate "2010.11.26"]
[SourceQuality "1"]
[WhiteTeam "Erlangen Siemens"]
[BlackTeam "Cadolzburg"]
[WhiteTeamCountry "GER"]
[BlackTeamCountry "GER"]

1. e4 e5 2. Nf3 Nc6 3. Bb5 a6 4. Bxc6 dxc6 5. d4 exd4 6. Qxd4 Qxd4 7. Nxd4 Bc5 8. Be3 Nf6 9. f3 Bd7 10. Nd2 0-0-0 11. N2b3 Bb6 12. c4 h6 13. 0-0-0 g5 14. c5 Ba7 15. g4 Kb8 16. h4 Rhg8 17. hxg5 hxg5 18. Rh6 Ne8 19. Nf5 f6 20. Rh7 Kc8 21. Ne7+ Kb8 22. Nxg8 Kc8 23. Ne7+ Kb8 24. Bg1 f5 25. Nxc6+ bxc6 26. Rhxd7 Rxd7 27. Rxd7 Kc8 28. Rd1 fxe4 29. fxe4 Nf6 30. e5 Nxg4 31. e6 Nf6 32. e7 1-0

[Event "Mittelfrankenliga-B2b 0708"]
[Site "Mittelfranken"]
[Date "2008.04.27"]
[Round "9.6"]
[White "Tykvart, Tobias"]
[Black "Kollitz, Carsten"]
[Result "1-0"]
[WhiteElo "1349"]
[BlackElo "1645"]
[PlyCount "107"]
[EventDate "2007.10.14"]
[EventType "team-tourn"]
[EventRounds "9"]
[EventCountry "GER"]
[SourceTitle "EXT 2011"]
[Source "ChessBase"]
[SourceDate "2010.11.26"]
[SourceVersion "1"]
[SourceVersionDate "2010.11.26"]
[SourceQuality "1"]
[WhiteTeam "Bad Windsheim"]
[BlackTeam "Cadolzburg"]
[WhiteTeamCountry "GER"]
[BlackTeamCountry "GER"]

1. e4 e5 2. Nf3 Nc6 3. Bb5 a6 4. Ba4 Nf6 5. 0-0 b5 6. Bb3 Be7 7. Re1 d6 8. c3 Bg4 9. d3 0-0 10. Bg5 h6 11. Bh4 Na5 12. Bc2 c5 13. h3 Bh5 14. g4 Nxg4 15. hxg4 Bxg4 16. Bxe7 Qxe7 17. Kf1 f5 18. d4 d5 19. dxc5 fxe4 20. Qxd5+ Be6 21. Qxe4 Bf5 22. Qxe5 Qxe5 23. Rxe5 Bxc2 24. Nbd2 Rf6 25. Nd4 Raf8 26. Nxc2 Rxf2+ 27. Ke1 Nc4 28. Nxc4 Rf1+ 29. Kd2 R1f2+ 30. Re2 bxc4 31. Ne3 Rd8+ 32. Ke1 Rf4 33. Rd1 Rdf8 34. Rd4 Rf3 35. Nxc4 Rf1+ 36. Kd2 Ra1 37. a3 g5 38. Rd7 Rf7 39. Rxf7 Kxf7 40. c6 Rf1 41. c7 Kg6 42. c8Q Rf6 43. Re6 h5 44. Rxf6+ Kxf6 45. Qxa6+ Kf5 46. Qh6 Kg4 47. Ne3+ Kh4 48. Nf5+ Kg4 49. Ke3 Kh3 50. Qxh5+ Kg2 51. Qf3+ Kg1 52. Qe2 g4 53. Nh4 g3 54. Qg2# 1-0

[Event "Mittelfrankenliga-B2b 0607"]
[Site "Mittelfranken"]
[Date "2007.01.14"]
[Round "4.7"]
[White "Kordts, Florian"]
[Black "Kollitz, Carsten"]
[Result "1/2-1/2"]
[WhiteElo "1817"]
[BlackElo "1707"]
[PlyCount "44"]
[EventDate "2006.10.22"]
[EventType "team-tourn"]
[EventRounds "9"]
[EventCountry "GER"]
[SourceTitle "EXT 2011"]
[Source "ChessBase"]
[SourceDate "2010.11.26"]
[SourceVersion "1"]
[SourceVersionDate "2010.11.26"]
[SourceQuality "1"]
[WhiteTeam "Postbauer II"]
[BlackTeam "Cadolzburg"]
[WhiteTeamCountry "GER"]
[BlackTeamCountry "GER"]

1. c4 e5 2. Nc3 Nf6 3. g3 c5 4. Bg2 Nc6 5. e3 Be7 6. Nge2 d6 7. d4 Bg4 8. d5 Nb8 9. Qd3 0-0 10. Bd2 Qc8 11. 0-0 Bh3 12. e4 Ne8 13. f4 Bd7 14. Rf2 f6 15. h4 Na6 16. a3 Nac7 17. f5 a6 18. g4 Rb8 19. Qg3 b5 20. cxb5 axb5 21. g5 Kh8 22. Bf1 Rg8 1/2-1/2

[Event "Mittelfrankenliga-B2b 0607"]
[Site "Mittelfranken"]
[Date "2006.10.22"]
[Round "1.7"]
[White "Kollitz, Carsten"]
[Black "Heinz, Manfred"]
[Result "1/2-1/2"]
[WhiteElo "1707"]
[BlackElo "1755"]
[PlyCount "99"]
[EventDate "2006.10.22"]
[EventType "team-tourn"]
[EventRounds "9"]
[EventCountry "GER"]
[SourceTitle "EXT 2011"]
[Source "ChessBase"]
[SourceDate "2010.11.26"]
[SourceVersion "1"]
[SourceVersionDate "2010.11.26"]
[SourceQuality "1"]
[WhiteTeam "Cadolzburg"]
[BlackTeam "Heilsbronn"]
[WhiteTeamCountry "GER"]
[BlackTeamCountry "GER"]

1. e4 g6 2. d4 Bg7 3. Nc3 d6 4. Nf3 Nf6 5. Bg5 h6 6. Be3 0-0 7. Qd2 Ng4 8. 0-0-0 Nxe3 9. Qxe3 Nd7 10. h4 e5 11. d5 Nf6 12. Nd2 a5 13. Be2 a4 14. h5 g5 15. g3 a3 16. b3 c6 17. Ndb1 Qc7 18. Qd3 Rd8 19. Nd2 Ra5 20. Nc4 Ra8 21. dxc6 Qxc6 22. Nxe5 Qc5 23. f4 gxf4 24. gxf4 Be6 25. Nc4 Bxc4 26. Qxc4 Qe3+ 27. Rd2 Rac8 28. Nd1 Qxf4 29. Rf1 Qxe4 30. Qxe4 Nxe4 31. Rd3 Bf6 32. Bf3 Bg5+ 33. Ne3 Nc3 34. Rg1 Nxa2+ 35. Kb1 Nc3+ 36. Ka1 d5 37. Bxd5 Nxd5 38. Nxd5 Rxd5 39. Rxd5 Rxc2 40. Rd6 Kf8 41. Rf1 Bd2 42. Rd8+ Ke7 43. Ra8 Bc3+ 44. Kb1 Rb2+ 45. Kc1 a2 46. Rf3 Bg7 47. Rg3 Bf6 48. Re3+ Kd7 49. Rf3 Be5 50. Rf5 1/2-1/2

[Event "Mittelfrankenliga-B1 0506"]
[Site "Germany"]
[Date "2005.12.04"]
[Round "3.7"]
[White "Kotissek, Ulrich"]
[Black "Kollitz, Carsten"]
[Result "1-0"]
[WhiteElo "1884"]
[BlackElo "1708"]
[PlyCount "109"]
[EventDate "2005.10.16"]
[EventType "team"]
[EventRounds "9"]
[EventCountry "GER"]
[SourceTitle "EXT 2007"]
[Source "ChessBase"]
[SourceDate "2006.11.23"]
[SourceVersion "1"]
[SourceVersionDate "2006.11.23"]
[SourceQuality "1"]

1. d4 d5 2. Nf3 Nf6 3. g3 Bg4 4. Bg2 e6 5. 0-0 c5 6. c3 Nc6 7. Nbd2 Qb6 8. Nb3 c4 9. Nbd2 Be7 10. h3 Bh5 11. Nh4 0-0 12. Nhf3 Rfd8 13. g4 Bg6 14. Nh4 Rac8 15. Nxg6 hxg6 16. f4 Qc7 17. Nf3 b5 18. Ne5 Qd6 19. Qc2 Rc7 20. f5 exf5 21. gxf5 Rcc8 22. Nxc6 Qxc6 23. fxg6 Rf8 24. Bf4 Nh5 25. gxf7+ Rxf7 26. Be5 Rcf8 27. Rxf7 Rxf7 28. Rf1 Rxf1+ 29. Kxf1 Qe6 30. e3 Bh4 31. Qe2 Qf7+ 32. Qf3 Nf6 33. Bxf6 Qxf6 34. Qxf6 gxf6 35. Bxd5+ Kg7 36. Bc6 Bg5 37. Kf2 a6 38. Bb7 a5 39. Ba6 b4 40. Bxc4 Kg6 41. Bd3+ Kh5 42. c4 Bh4+ 43. Kf3 Be1 44. Ke2 Bg3 45. b3 Kh4 46. Bf5 Kg5 47. e4 Bh2 48. c5 Kh6 49. Kd3 Kg7 50. Kc4 Kf7 51. Kb5 Bc7 52. Kc6 Bb8 53. Kb6 Bf4 54. Kxa5 Bd2 55. c6 1-0

[Event "Mittelfrankenliga-B1 0506"]
[Site "Germany"]
[Date "2005.10.16"]
[Round "1.7"]
[White "Pannek, Matthias"]
[Black "Kollitz, Carsten"]
[Result "1-0"]
[WhiteElo "1953"]
[BlackElo "1718"]
[PlyCount "109"]
[EventDate "2005.10.16"]
[EventType "team"]
[EventRounds "9"]
[EventCountry "GER"]
[SourceTitle "EXT 2007"]
[Source "ChessBase"]
[SourceDate "2006.11.23"]
[SourceVersion "1"]
[SourceVersionDate "2006.11.23"]
[SourceQuality "1"]

1. Nc3 e5 2. e4 Nc6 3. f4 d6 4. Bc4 Be7 5. d3 Nf6 6. Nf3 exf4 7. Bxf4 Be6 8. Bxe6 fxe6 9. 0-0 Qd7 10. Qe2 e5 11. Be3 d5 12. exd5 Nxd5 13. Nxd5 Qxd5 14. Kh1 0-0-0 15. Bg5 Rde8 16. Bxe7 Rxe7 17. Ng5 Nd4 18. Qd2 Qb5 19. b3 Qe8 20. Rae1 Qh5 21. c3 Nc6 22. Re4 Rd8 23. Nf3 Red7 24. Ne1 Rd6 25. Rf3 Qe8 26. a4 Qg6 27. Qe2 Qe6 28. b4 Re8 29. b5 Nd8 30. Rfe3 Nf7 31. c4 Rd7 32. d4 Red8 33. Nf3 Qg6 34. d5 h6 35. Nxe5 Nxe5 36. Rxe5 Qb1+ 37. Qe1 Qc2 38. Re8 Qxc4 39. Rxd8+ Rxd8 40. Re5 Qxa4 41. d6 cxd6 42. Rd5 Kd7 43. h3 Qf4 44. Qa1 Qf7 45. Qd4 Ke6 46. Qe4+ Kd7 47. Rf5 Qe7 48. Qxb7+ Ke8 49. Qf3 Qe6 50. Qg4 Qg8 51. Rf2 Rd7 52. Qe4+ Re7 53. Qa8+ Kd7 54. Qxg8 Re1+ 55. Kh2 1-0

[Event "Mittelfranken-ch QT 52nd"]
[Site "Uttenreuth"]
[Date "2003.04.16"]
[Round "1"]
[White "Kollitz, Carsten"]
[Black "Feldmann, Gerhard"]
[Result "0-1"]
[WhiteElo "1425"]
[BlackElo "1884"]
[PlyCount "78"]
[EventDate "2003.04.16"]
[EventType "swiss"]
[EventRounds "7"]
[EventCountry "GER"]
[SourceTitle "EXT 2015"]
[Source "ChessBase"]
[SourceDate "2014.11.20"]
[SourceVersion "1"]
[SourceVersionDate "2014.11.20"]
[SourceQuality "1"]

1. e4 Nf6 2. e5 Nd5 3. c4 Nb6 4. c5 Nd5 5. Bc4 c6 6. d4 d6 7. cxd6 exd6 8. Nf3 Bg4 9. h3 Bh5 10. 0-0 Be7 11. Qb3 Nb6 12. Be2 0-0 13. Nc3 N8d7 14. Bf4 d5 15. Rad1 Re8 16. Nd2 Bg6 17. Bh2 Nf8 18. f4 Ne6 19. Nf3 c5 20. Kh1 c4 21. Qb5 Nc7 22. Qa5 Qd7 23. g4 Bc2 24. Rd2 Be4 25. Nxe4 dxe4 26. Ng1 Nbd5 27. Bd1 Bb4 28. Qa4 Qxa4 29. Bxa4 Bxd2 30. Bxe8 Rxe8 31. Ne2 b5 32. f5 b4 33. f6 c3 34. bxc3 bxc3 35. fxg7 Kxg7 36. h4 c2 37. h5 Rb8 38. h6+ Bxh6 39. e6 Rb1 0-1

[Event "Mittelfranken-ch QT 52nd"]
[Site "Uttenreuth"]
[Date "2003.04.16"]
[Round "2"]
[White "Ulusoy, Tolga"]
[Black "Kollitz, Carsten"]
[Result "1-0"]
[WhiteElo "1740"]
[BlackElo "1425"]
[PlyCount "89"]
[EventDate "2003.04.16"]
[EventType "swiss"]
[EventRounds "7"]
[EventCountry "GER"]
[SourceTitle "EXT 2015"]
[Source "ChessBase"]
[SourceDate "2014.11.20"]
[SourceVersion "1"]
[SourceVersionDate "2014.11.20"]
[SourceQuality "1"]

1. e4 e5 2. f4 exf4 3. Nf3 Be7 4. Bc4 Bh4+ 5. Kf1 d6 6. d4 Bg4 7. Bxf4 Ne7 8. h3 Bxf3 9. Qxf3 Ng6 10. Bxf7+ Ke7 11. Bxg6 hxg6 12. Qg4 Nc6 13. d5 Nd4 14. Nd2 Qf8 15. Nf3 Nxf3 16. gxf3 Qf6 17. Bc1 Raf8 18. Kg2 Rh5 19. Rf1 Bg5 20. f4 Rh4 21. Qxg5 Qxg5+ 22. fxg5 Rxf1 23. Kxf1 Rxh3 24. Ke2 c6 25. dxc6 bxc6 26. Be3 a6 27. Rd1 Ke6 28. Rd4 Rh8 29. Ra4 Ra8 30. Kd3 Ke5 31. Ra5+ Ke6 32. Bd4 Kf7 33. Ra3 c5 34. Bc3 Ra7 35. Rb3 Ke6 36. Kc4 Rf7 37. Rb6 Ra7 38. e5 Rd7 39. Rxd6+ Rxd6 40. exd6 Kxd6 41. Bxg7 Kc6 42. a4 Kb6 43. b3 Kc6 44. a5 Kd6 45. Bf8+ 1-0

[Event "Nuremberg-ch op 02nd"]
[Site "Nuremberg"]
[Date "2002.06.23"]
[Round "5"]
[White "Tabatschnik, Maxim"]
[Black "Kollitz, Carsten"]
[Result "1/2-1/2"]
[WhiteElo "1518"]
[BlackElo "1588"]
[PlyCount "46"]
[EventDate "2002.06.21"]
[EventType "swiss"]
[EventRounds "5"]
[EventCountry "GER"]
[SourceTitle "EXT 2006"]
[Source "ChessBase"]
[SourceDate "2005.11.24"]
[SourceVersion "1"]
[SourceVersionDate "2005.11.24"]
[SourceQuality "1"]

1. d4 Nf6 2. Nf3 d5 3. c4 dxc4 4. e3 Bg4 5. Bxc4 e6 6. Nc3 Nbd7 7. 0-0 Bb4 8. h3 Bh5 9. a3 Ba5 10. b4 Bb6 11. Bb2 0-0 12. Be2 Nd5 13. Nxd5 exd5 14. Rc1 Re8 15. Nd2 Bg6 16. Nb3 Qg5 17. Bd3 Re6 18. Kh1 Rae8 19. Bxg6 Rxg6 20. Rg1 Qh4 21. Qe2 Ree6 22. Nd2 c6 23. Nf3 Qh5 1/2-1/2

[Event "Nuremberg-ch op 02nd"]
[Site "Nuremberg"]
[Date "2002.06.22"]
[Round "3"]
[White "Kurch, Sebastian"]
[Black "Kollitz, Carsten"]
[Result "1-0"]
[WhiteElo "1407"]
[BlackElo "1588"]
[PlyCount "47"]
[EventDate "2002.06.21"]
[EventType "swiss"]
[EventRounds "5"]
[EventCountry "GER"]
[SourceTitle "EXT 2006"]
[Source "ChessBase"]
[SourceDate "2005.11.24"]
[SourceVersion "1"]
[SourceVersionDate "2005.11.24"]
[SourceQuality "1"]

1. e4 e5 2. Nf3 Nc6 3. d4 exd4 4. Nxd4 Nf6 5. Nc3 Bc5 6. Nxc6 dxc6 7. Qxd8+ Kxd8 8. Bg5 Ke7 9. e5 h6 10. exf6+ gxf6 11. Bf4 Bd6 12. Ne2 Bf5 13. 0-0-0 Rhe8 14. Bxh6 Rad8 15. Be3 Rd7 16. Nd4 Bh7 17. Bd3 Bxd3 18. Rxd3 Red8 19. Rhd1 Ke8 20. Nf5 Bf8 21. Rxd7 Rxd7 22. Rxd7 Kxd7 23. h4 Ke6 24. g4 1-0